000 00697nam a2200241Ia 4500
003 OSt
005 20220918220044.0
006 a|||||r|||| 00| 0
007 ta
008 220917b |||||||| |||| 00| 0 eng d
024 _a144,183
037 _cTextual
040 _aARTS
_cARTS
_beng
041 _2eng
_aeng
082 _aY171:1:12:2, F7;L9
100 _aMitra Panchanan
_9102961
245 0 _aPrehistorical india
_b Its place in the world's cultures
260 _aVaranasi
_bBharatiya Publications
_c1979
300 _axxvii, 512p+LIII plates
_ccm.
650 _aSOCIOLOGY
942 _hY171:1:12:2, F7;L9
_cTEXL
_2CC
999 _c267097
_d267097